000 00716 a2200157 4500
003 Nust
005 20230120101038.0
040 _cNust
082 _a808.83,BLA
245 _aBlackwood Tales from the Outposts /
_cFrontiers of Empire
260 _aLondon
_bWilliam Blackwood
_c1933
300 _a285:p
505 _aA Country Postman (Page-1), A Footnote (Page-21), A Quiet Day in Tibet (Page-67), The People of the Camel (Page-77), Fantasia (Page-99), A Border Affair (Page-117), Tales of the Maddan (Page-157), Living on the top of the World (Page-195), Echoes form the Marshes (Page-209), Echoes from the Marshes (Page-233), The Silver hand of Alexander (Page-257).
650 _aNovel
_92525
942 _2ddc
_cBK
999 _c186872
_d186872